000 00446nam a2200181Ia 4500
001 21401
005 20260306172916.0
008 260306t1998||||xx |||||||||||||| ||spa||
041 _aESP
082 _a344.83
_bM26
100 _aMartorell Carreño, Alberto
_eAUT
245 0 _aPatrimonio cultural:
_bpolíticas contra el tráfico ilícito
260 _c1998
300 _a
_c
650 _aGEN
654 _aCDE
942 _cLIB
_dJUS
_fJUS
_2ddc
_n
999 _c21401
_d21401